Promenades dans Rome
Αποθηκεύτηκε σε:
| Κύριος συγγραφέας: | |
|---|---|
| Μορφή: | Βιβλίο |
| Γλώσσα: | French |
| Δημοσίευση: |
Paris :
F. Maspero,
1983.
|
| Σειρά: | Découverte (François Maspero (Firm))
13 |
| Θέματα: | |
| Ετικέτες: |
Προσθήκη ετικέτας
Δεν υπάρχουν, Καταχωρήστε ετικέτα πρώτοι!
|
MARC
| LEADER | 00000cam a2200000 i 4500 | ||
|---|---|---|---|
| 001 | 1/28 | ||
| 008 | 950628s1983 fr | ||| |||| ||fre|| | ||
| 020 | |a 2707111562 | ||
| 035 | |l 10013932 | ||
| 040 | |a GR-MyUa |b gre |e AACR2 | ||
| 041 | 0 | |a fre | |
| 082 | 7 | |a 914.5632 |2 (22) | |
| 100 | 0 | |a Stendhal, |d 1783-1842. | |
| 245 | 1 | 0 | |a Promenades dans Rome / |c Stendhal ; introduction de V. Del Litto. |
| 260 | |a Paris : |b F. Maspero, |c 1983. | ||
| 300 | |a 360 σ. ; |c 19 εκ. | ||
| 490 | 1 | |a (Découverte / François Maspero (Firm) ; |v 13) | |
| 600 | 0 | 0 | |a Stendhal, |d 1783-1842 |x Journeys |z Italy |z Rome. |
| 650 | 0 | |a Authors, French |y 19th century |x Journeys |z Italy |z Rome. | |
| 651 | 0 | |a Rome (Italy) |x Description and travel. | |
| 830 | 0 | |a Découverte (François Maspero (Firm)) |v 13 | |
| 852 | |a INST |b LESVOS |e 19950628 |h 914.5632 STE |p 005100008293 |q 005100008293 |t BK |y 0 |z v.1 | ||
| 852 | |a INST |b LESVOS |e 19950628 |h 914.5632 STE |p 005100008293 |q 005100008293 |t BK |v v.1: |y 0 |z v.1 | ||
| 853 | |a INST |b LESVOS |h 914.5632 STE | ||
| 922 | |a 1ΕΛΗ |b 199108 |c ΠΠ/160 | ||